| 000 | 01015nam a22002417a 4500 | ||
|---|---|---|---|
| 999 |
_c11559 _d11559 |
||
| 003 | AR-CdUCM | ||
| 008 | 190404b ||||| |||| 00| 0 spa d | ||
| 040 |
_aMUNICIPALIDAD PROVINCIAL DEL CUSCO _cBIBLIOTECA MUNICIPAL DEL CUSCO |
||
| 041 | _heng | ||
| 082 |
_a657.4 / _bL27 /1947 |
||
| 100 |
_aLasser, Jacob Kay, _928980 |
||
| 245 | _aMétodos de contabilidad industrial / | ||
| 260 |
_aMéxico, D.F : _bUnión Tipográfica Editorial Hispano-Americana, _c1947. |
||
| 300 |
_a462 paginas ; _bCuadros, _c23 cm. |
||
| 500 | _aTitulo original : Handbook of accounting methods | ||
| 505 | _aContenido : t.1: Funciones de un sistema de contabilidad -- Mecánica de la contabilidad -- Principios de la organización del sistema -- Compras cuentas a pagar -- Nominas de salario... | ||
| 650 |
_aMecánica de contabilidad _928981 |
||
| 650 |
_aVentas y cuentas _928982 |
||
| 650 |
_aRegistros de inventarios _928983 |
||
| 700 |
_aCivera, Marin (Traductor) _928984 |
||
| 942 |
_2ddc _cLIBROS |
||
| 945 |
_awnts _d2019-04-04 |
||